Mitigation of risk in construction (Record no. 114256)
[ view plain ]
| 000 -LEADER | |
|---|---|
| fixed length control field | 01097cad a22002295a 4500 |
| 001 - CONTROL NUMBER | |
| control field | L156447 |
| 008 - FIXED-LENGTH DATA ELEMENTS--GENERAL INFORMATION | |
| fixed length control field | 120523s2011 xxk f 000 0 eng d |
| 035 ## - SYSTEM CONTROL NUMBER | |
| System control number | (Sirsi) u156447 |
| 041 0# - LANGUAGE CODE | |
| Language code of text/sound track or separate title | eng |
| 110 0# - MAIN ENTRY--CORPORATE NAME | |
| Corporate name or jurisdiction name as entry element | McGraw-Hill Construction |
| 9 (RLIN) | 5916 |
| 245 00 - TITLE STATEMENT | |
| Title | Mitigation of risk in construction |
| Remainder of title | strategies for reducing risk and maximizing profitability |
| Medium | [electronic resource] |
| 260 ## - PUBLICATION, DISTRIBUTION, ETC. | |
| Place of publication, distribution, etc. | [S.l.] |
| Name of publisher, distributor, etc. | McGraw-Hill |
| Date of publication, distribution, etc. | 2011 |
| 490 #0 - SERIES STATEMENT | |
| Series statement | SmartMarket Report |
| 520 ## - SUMMARY, ETC. | |
| Summary, etc. | This report provides insights on how to improve the bottom line and increasing productivity on projects by examining the impact of risk on the construction industry and strategies used by owners, architects, engineers and contractors to mitigate risk. |
| 590 ## - LOCAL NOTE (RLIN) | |
| Local note | KA |
| 651 #4 - SUBJECT ADDED ENTRY--GEOGRAPHIC NAME | |
| Geographic name | North America |
| 690 ## - LOCAL SUBJECT ADDED ENTRY--TOPICAL TERM (OCLC, RLIN) | |
| Topical term or geographic name as entry element | Construction management |
| 9 (RLIN) | 6230 |
| 710 1# - ADDED ENTRY--CORPORATE NAME | |
| Corporate name or jurisdiction name as entry element | Autodesk |
| 710 1# - ADDED ENTRY--CORPORATE NAME | |
| Corporate name or jurisdiction name as entry element | American Society of Civil Engineers |
| 9 (RLIN) | 3104 |
| 856 40 - ELECTRONIC LOCATION AND ACCESS | |
| Uniform Resource Identifier | <a href="https://analyticsstore.construction.com/index.php/smartmarket-report-risk-mitigation-2011.html">https://analyticsstore.construction.com/index.php/smartmarket-report-risk-mitigation-2011.html</a> |
| Public note | Free registration here to download the market research report ://construction.com |
| 942 ## - ADDED ENTRY ELEMENTS (KOHA) | |
| Suppress in OPAC | 0 |
| Withdrawn status | Lost status | Source of classification or shelving scheme | Damaged status | Not for loan | Home library | Current library | Shelving location | Date acquired | Total Checkouts | Full call number | Barcode | Date last seen | Copy number | Price effective from | Koha item type |
|---|---|---|---|---|---|---|---|---|---|---|---|---|---|---|---|
| Dewey Decimal Classification | Virtual | Virtual | Online | 23/05/2012 | ONLINE PUBLICATION | 156447-2001 | 06/08/2019 | 1 | 06/08/2019 | Book |